000 00725nam a2200289Ia 4500
005 20260324125235.0
008 008 260324s9999 xx 000 0 eng d
020 _a9780203887202
037 _aEBOOK
040 _aCRL
040 _beng
040 _cCRL
041 _2eng
041 _aeng
084 _qCRL
100 _aJennifer Moon
_91177234
245 0 _aAchieving Success through Academic Assertiveness
245 0 _bReal life strategies for today's higher education students
260 _bTaylor and Francis
260 _c2009
365 _a
365 _b220
856 _uhttp://www.taylorfrancis.com/books/9780203887202
942 _cEBOOK
999 _c1772304
_d1772304